BIBLIOTECA

SENCICO

Cómo ser un buen profesional eléctrico : Mantenimiento eléctrico y solución de averías (Registro nro. 871)

Detalles MARC
000 -LEADER
fixed length control field 00763nam a2200277Ia 4500
005 - DATE AND TIME OF LATEST TRANSACTION
control field 20251020182451.0
008 - FIXED-LENGTH DATA ELEMENTS--GENERAL INFORMATION
fixed length control field 200515s9999 xx 000 0 und d
020 ## - INTERNATIONAL STANDARD BOOK NUMBER
International Standard Book Number 978-958-8675-59-6
082 ## - DEWEY DECIMAL CLASSIFICATION NUMBER
Classification number 621.3/P45
100 ## - MAIN ENTRY--PERSONAL NAME
Personal name Company Gironés, Rafael
100 ## - MAIN ENTRY--PERSONAL NAME
Personal name Pérez Jiménez, Oscar
245 #0 - TITLE STATEMENT
Title Cómo ser un buen profesional eléctrico : Mantenimiento eléctrico y solución de averías
250 ## - EDITION STATEMENT
Edition statement 1a ed.
260 ## - PUBLICATION, DISTRIBUTION, ETC.
Place of publication, distribution, etc. Bogotá, D.C.
260 ## - PUBLICATION, DISTRIBUTION, ETC.
Name of publisher, distributor, etc. Ediciones de la U
260 ## - PUBLICATION, DISTRIBUTION, ETC.
Date of publication, distribution, etc. 2011
300 ## - PHYSICAL DESCRIPTION
Extent 172 p.
300 ## - PHYSICAL DESCRIPTION
Other physical details il., tbl., graf.
500 ## - GENERAL NOTE
General note 1 ejemplar
650 ## - SUBJECT ADDED ENTRY--TOPICAL TERM
Topical term or geographic name entry element ELECTRICIDAD
650 ## - SUBJECT ADDED ENTRY--TOPICAL TERM
Topical term or geographic name entry element MANTENIMIENTO CORRECTIVO
650 ## - SUBJECT ADDED ENTRY--TOPICAL TERM
Topical term or geographic name entry element MANTENIMIENTO PREVENTIVO
650 ## - SUBJECT ADDED ENTRY--TOPICAL TERM
Topical term or geographic name entry element MEDIDAS DE PROTECCION
942 ## - ADDED ENTRY ELEMENTS (KOHA)
Koha item type Libros
Existencias
Fecha de la última vez que lo usaron Pago total Signatura topográfica completa Código de barras Precio efectivo desde Tipo de documento Estado perdido Estado dañado No es para préstamo Retirado Ubicación permanente Ubicación actual Fecha de adquisición
15/05/2020   621.3/P45 Bib-Lima15050871 15/05/2020 Libros         Biblioteca Central Lima Biblioteca Central Lima 15/05/2020